Score 0/18 Timer 02:00
1 Play Today
Hint Missing Word % Correct
Billie _____Jean
93.4%
_____ in the Sky with DiamondsLucy
87.1%
Cotton Eye _____Joe
82.9%
_____ RigbyEleanor
78.3%
_____ and DianeJack
76.2%
_____ From the BlockJenny
73.5%
____ TuesdayRuby
71.1%
A Boy Named _____Sue
70.5%
Barbara _____Ann
66.4%
Hint Missing Word % Correct
Come on _____Eileen
64.9%
Dear _____ John
64.3%
Me and _____ McGeeBobby
63.3%
Help Me, _____Rhonda
61.4%
_____ HollyBuddy
55.1%
____ GirlJessie's
47.2%
_____ CaliforniaDani
46.2%
Meet _____Virginia
34.2%
All The Girls Love _____Alice
12.9%

Today's Daily Dose

Remove Ads.
Support Sporcle.
Get the best of Sporcle when you Go Orange. This ad-free experience offers more features, more stats, and more fun while also helping to support Sporcle. Thank you for becoming a member.

You're not logged in!

Compare scores with friends on all Sporcle quizzes.
OR
Log In

Show Comments

Extras

Top Quizzes Today


Score Distribution

Your Account Isn't Verified!

In order to create a playlist on Sporcle, you need to verify the email address you used during registration. Go to your Sporcle Settings to finish the process.

Report this User

Report this user for behavior that violates our Community Guidelines.

Details: